Nuôi tôm càng xuất khẩu
Tài liệu hướng dẫn kỹ thuật nuôi tôm càng đạt hiệu quả cao từ đó có thể đáp ứng đủ tiêu chuẩn xuất khẩu.
Kaydedildi:
| Yazar: | |
|---|---|
| Materyal Türü: | Kitap |
| Dil: | Undetermined |
| Baskı/Yayın Bilgisi: |
Hà Nội
Nông nghiệp
1987
|
| Konular: | |
| Etiketler: |
Etiketle
Etiket eklenmemiş, İlk siz ekleyin!
|
| Thư viện lưu trữ: | Trung tâm Học liệu Trường Đại học Cần Thơ |
|---|
| LEADER | 00710nam a2200193Ia 4500 | ||
|---|---|---|---|
| 001 | CTU_14459 | ||
| 008 | 210402s9999 xx 000 0 und d | ||
| 082 | |a 639.6 | ||
| 082 | |b C105 | ||
| 100 | |a Trần, Đức Can | ||
| 245 | 0 | |a Nuôi tôm càng xuất khẩu | |
| 245 | 0 | |c Trần Đức Can | |
| 260 | |a Hà Nội | ||
| 260 | |b Nông nghiệp | ||
| 260 | |c 1987 | ||
| 520 | |a Tài liệu hướng dẫn kỹ thuật nuôi tôm càng đạt hiệu quả cao từ đó có thể đáp ứng đủ tiêu chuẩn xuất khẩu. | ||
| 650 | |a Fish culture,Shrimps | ||
| 904 | |i Minh, Giang sửa | ||
| 980 | |a Trung tâm Học liệu Trường Đại học Cần Thơ | ||